<?xml version="1.0" encoding="UTF-8"?>
<marc:record xmlns:marc="http://www.loc.gov/MARC21/slim">
   <marc:leader>00000nam a2200000 a 4500</marc:leader>
   <marc:datafield ind1="1" ind2=" " tag="100">
      <marc:subfield code="a">Frennstedt, Tina</marc:subfield>
      <marc:subfield code="4">aut</marc:subfield>
      <marc:subfield code="e">Verfasser/-in</marc:subfield>
   </marc:datafield>
   <marc:datafield ind1=" " ind2=" " tag="653">
      <marc:subfield code="a">Schweden</marc:subfield>
   </marc:datafield>
   <marc:datafield ind1=" " ind2=" " tag="653">
      <marc:subfield code="a">Ermittlung</marc:subfield>
   </marc:datafield>
   <marc:datafield ind1=" " ind2=" " tag="653">
      <marc:subfield code="a">Cold Case</marc:subfield>
   </marc:datafield>
   <marc:datafield ind1="0" ind2="0" tag="245">
      <marc:subfield code="a">Cold Case</marc:subfield>
   </marc:datafield>
   <marc:datafield ind1="0" ind2="0" tag="245">
      <marc:subfield code="b">Das gezeichnete Opfer</marc:subfield>
   </marc:datafield>
   <marc:datafield ind1=" " ind2="1" tag="264">
      <marc:subfield code="b">Gustav Lübbe Verl.</marc:subfield>
      <marc:subfield code="c">2021</marc:subfield>
   </marc:datafield>
   <marc:datafield ind1="1" ind2=" " tag="490">
      <marc:subfield code="a">Cold Case</marc:subfield>
   </marc:datafield>
   <marc:datafield ind1="1" ind2=" " tag="520">
      <marc:subfield code="a">Nebel liegt über Südschweden, als bei einem Leuchtturm eine der provokantesten Künstlerinnen des Landes tot aufgefunden wird. An ihrer Leiche finden sich Spuren einer einzigartigen Sorte Lehm, der einen COLD CASE wieder in den Fokus rückt: Vor 15 Jahren wurde der junge Pianist Max Lund auf brutale Weise ermordet. Am Opfer fand man damals das gleiche Material. Tess Hjalmarsson ermittelt unter Hochdruck. Sie muss die Verbindung zwischen den Opfern finden, um einen nächsten Mord zu verhindern ... Tess Hjalmarsson ermittelt in einem neuen COLD CASE. Spannung pur!</marc:subfield>
   </marc:datafield>
   <marc:datafield ind1=" " ind2=" " tag="020">
      <marc:subfield code="a">9783785726976</marc:subfield>
      <marc:subfield code="9">9783785726976</marc:subfield>
   </marc:datafield>
</marc:record>
